Methods and Models of Operations Research
Salvato in:
| Autore principale: | |
|---|---|
| Natura: | Libro |
| Lingua: | inglese |
| Pubblicazione: |
Englewood Cliffs
Prentice-Hall
1963
|
| Edizione: | 1. ed. |
| Soggetti: | |
| Tags: |
Nessun Tag, puoi essere il primo ad aggiungerne!!
|
MARC
| LEADER | 00000nam a2200000 4500 | ||
|---|---|---|---|
| 001 | c002011 | ||
| 005 | 20221220103302.9 | ||
| 041 | 0 | |a eng | |
| 044 | |a GB | ||
| 245 | 1 | 0 | |a Methods and Models of Operations Research |c Arnold Kaufmann |
| 250 | |a 1. ed. | ||
| 264 | 1 | |a Englewood Cliffs |b Prentice-Hall |c 1963 | |
| 300 | |a 510 s. | ||
| 610 | 2 | 0 | |a metódy optimalizačné |
| 610 | 2 | 0 | |a modely |
| 610 | 2 | 0 | |a analýza operačná |
| 610 | 2 | 0 | |a programovanie lineárne |
| 610 | 2 | 0 | |a teória obsluhy hromadnej |
| 610 | 2 | 0 | |a modely zásob |
| 610 | 2 | 0 | |a teória zásob |
| 610 | 2 | 0 | |a zariadenia výrobné |
| 610 | 2 | 0 | |a spotreba |
| 610 | 2 | 0 | |a dopyt |
| 100 | 1 | |a Kaufmann, Arnold | |